| 000 | 01437cam a2200385 i 4500 | ||
|---|---|---|---|
| 003 | SA-RiAUC | ||
| 005 | 20250511064435.0 | ||
| 008 | 250507s1991 xxka g 001 0cara c | ||
| 020 | _a1869844572 | ||
| 020 | _a2578698441 | ||
| 040 |
_aJO-MaAABU _bara _cSA-RiAUC _erda |
||
| 041 | 1 |
_aara _heng |
|
| 043 | _aa-sy--- | ||
| 082 | 0 | 4 |
_a923.2 _qSA-RiAUC |
| 090 |
_a923.2 _bق ا س |
||
| 100 | 1 |
_aقاسمية، خيرية، _d1936- _eمؤلف. |
|
| 240 | 1 | 4 |
_aThe Vanguard. _lArabic |
| 245 | 1 | 2 |
_aالرعيل العربي الأول : _bحياة وأوراق نبيه وعادل العظمة / _cخيرية قاسمية. |
| 250 | _aالطبعة الأولى. | ||
| 264 | 1 |
_aلندن : _bرياض الريس للكتب والنشر، _c1991 |
|
| 300 |
_a553 صفحة : _bإيضاحيات ؛ _c25 سم |
||
| 336 |
_aنص _btxt _2rdacontent _3كتاب |
||
| 337 |
_aبدون وسيط _bn _2rdamedia |
||
| 338 |
_aمجلد _bnc _2rdacarrier |
||
| 500 | _aكشاف : صفحة 545-553. | ||
| 500 | _aملاحق : صفحة 155-544. | ||
| 590 | _aخلفان. | ||
| 600 | 1 | 7 |
_aالعظمة، نبيه، _d1886-1972 _2aucnm |
| 600 | 1 | 7 |
_aالعظمة، عادل _2aucnm |
| 650 | 7 |
_aالسياسيون السوريون _vتراجم _2aucsh |
|
| 650 | 7 |
_aالسياسيون _2aucsh |
|
| 700 | 1 | 2 |
_iترجمة لـ : _aقاسمية، خيرية، _d1936-. _tThe Vanguard. |
| 942 |
_2ddc _cBOOK _n0 |
||
| 949 |
_aSA-JeALM _d250507 _umohamedma123 _n1 |
||
| 999 |
_c7803 _d7803 |
||